|
|
|
|
| LEADER |
01605nam a2200421Ia 4500 |
| 001 |
EBC3138305 |
| 003 |
MiAaPQ |
| 005 |
20200520144314.0 |
| 006 |
m o d | |
| 007 |
cr cn||||||||| |
| 008 |
111108s2012 nyu sb 001 0 eng d |
| 010 |
|
|
|z 2011046319
|
| 020 |
|
|
|z 9780801450648
|
| 020 |
|
|
|z 9780801464140
|
| 020 |
|
|
|z 9780801477676
|
| 035 |
|
|
|a (MiAaPQ)EBC3138305
|
| 035 |
|
|
|a (Au-PeEL)EBL3138305
|
| 035 |
|
|
|a (CaPaEBR)ebr10545386
|
| 035 |
|
|
|a (CaONFJC)MIL681817
|
| 035 |
|
|
|a (OCoLC)922998119
|
| 040 |
|
|
|a MiAaPQ
|c MiAaPQ
|d MiAaPQ
|
| 050 |
|
4 |
|a HE8789.I4
|b M57 2012
|
| 082 |
0 |
4 |
|a 381
|2 23
|
| 100 |
1 |
|
|a Mirchandani, Kiran,
|d 1968-
|
| 245 |
1 |
0 |
|a Phone clones
|h [electronic resource] :
|b authenticity work in the transnational service economy /
|c Kiran Mirchandani.
|
| 260 |
|
|
|a Ithaca :
|b ILR Press,
|c 2012.
|
| 300 |
|
|
|a x, 174 p.
|
| 504 |
|
|
|a Includes bibliographical references and index.
|
| 533 |
|
|
|a Electronic reproduction. Ann Arbor, MI : ProQuest, 2015. Available via World Wide Web. Access may be limited to ProQuest affiliated libraries.
|
| 650 |
|
0 |
|a Call center agents
|z India
|x Social conditions.
|
| 650 |
|
0 |
|a Service industries workers
|z India
|x Social conditions.
|
| 650 |
|
0 |
|a Customer services
|x Social aspects
|z India.
|
| 650 |
|
0 |
|a International business enterprises
|x Social aspects
|z India.
|
| 650 |
|
0 |
|a Intercultural communication
|z India.
|
| 650 |
|
0 |
|a Identity (Psychology)
|z India.
|
| 655 |
|
4 |
|a Electronic books.
|
| 710 |
2 |
|
|a ProQuest (Firm)
|
| 856 |
4 |
0 |
|u https://ebookcentral.proquest.com/lib/matrademy/detail.action?docID=3138305
|z Click to View
|